BTS Arirang - Sudden Death - Statistiken

Allgemein
  • Dieses Quiz wurde 19 mal gespielt
  • Das Durchschnittsergebnis liegt bei 9 aus 14
Answers on the Grid
Answers color-coded by a green-red scale on the quiz's grid according to % correct below.
Body to Body
Hooligan
Aliens
FYA
2.0
No. 29
SWIM
Merry Go Round
NORMAL
Like Animals
they don’t know ‘bout us
One More Night
Please
Into the Sun
Fire
To The Moon
Go BTS
No. 27
Brand New
Animals
ARIRANG
Dynamite
Bulletproof pt. 2
Life Goes On
Over
Swimming
Dopamine
FANTASY
 
Antwortstatistiken
Antwort % Korrekt
Aliens
80%
FYA
80%
2.0
70%
Like Animals
70%
No. 29
70%
Please
70%
Body to Body
60%
Hooligan
60%
Into the Sun
60%
NORMAL
60%
One More Night
60%
SWIM
60%
Merry Go Round
50%
they don’t know ‘bout us
40%
Keine übereinstimmenden Quizze gefunden
Verteilung der Resultate
Anzahl Personen mit jedem Resultat
Perzentil nach korrekt beantworteten Fragen
Ihre Resultats-Entwicklung
Sie haben dieses Quiz noch nicht gespielt